<?xml version="1.0" encoding="UTF-8"?>
<record
    xmlns:xsi="http://www.w3.org/2001/XMLSchema-instance"
    xsi:schemaLocation="http://www.loc.gov/MARC21/slim http://www.loc.gov/standards/marcxml/schema/MARC21slim.xsd"
    xmlns="http://www.loc.gov/MARC21/slim">

  <leader>06389nam a2200493 a 4500</leader>
  <controlfield tag="001">dia_4766</controlfield>
  <controlfield tag="003">CHAP</controlfield>
  <controlfield tag="005">20241010093450.0</controlfield>
  <controlfield tag="007">ta</controlfield>
  <controlfield tag="008">220117s2011    mx abdofrm    001 0 spa d</controlfield>
  <datafield tag="010" ind1=" " ind2=" ">
    <subfield code="a">175523</subfield>
  </datafield>
  <datafield tag="040" ind1=" " ind2=" ">
    <subfield code="a">mxchpua</subfield>
    <subfield code="c">CHAP</subfield>
  </datafield>
  <datafield tag="041" ind1="0" ind2=" ">
    <subfield code="a">spa</subfield>
    <subfield code="b">eng</subfield>
  </datafield>
  <datafield tag="090" ind1=" " ind2=" ">
    <subfield code="a">Tesis </subfield>
    <subfield code="b">S264 </subfield>
    <subfield code="c">2011</subfield>
  </datafield>
  <datafield tag="100" ind1="1" ind2=" ">
    <subfield code="a">Santiago L&#xF3;pez, Lourdes</subfield>
  </datafield>
  <datafield tag="245" ind1="1" ind2="0">
    <subfield code="a">Estudio del potencial probi&#xF3;tico de bacterias &#xE1;cido l&#xE1;cticas aisladas de queso cocido artesanal del estado de Sonora /</subfield>
    <subfield code="c">Lourdes Santiago L&#xF3;pez</subfield>
  </datafield>
  <datafield tag="264" ind1=" " ind2=" ">
    <subfield code="a">Chapingo, M&#xE9;xico :</subfield>
    <subfield code="b">El autor,</subfield>
    <subfield code="c">2011</subfield>
  </datafield>
  <datafield tag="300" ind1=" " ind2=" ">
    <subfield code="a">xii, 72 hojas :</subfield>
    <subfield code="b">ilustraciones, tablas, gr&#xE1;ficas, mapas, fotos +</subfield>
    <subfield code="e">1 CD-ROM</subfield>
  </datafield>
  <datafield tag="336" ind1=" " ind2=" ">
    <subfield code="2">rdacontent</subfield>
    <subfield code="a">texto</subfield>
    <subfield code="b">txt</subfield>
  </datafield>
  <datafield tag="337" ind1=" " ind2=" ">
    <subfield code="2">rdamedia</subfield>
    <subfield code="a">no mediado</subfield>
    <subfield code="b">n</subfield>
  </datafield>
  <datafield tag="338" ind1=" " ind2=" ">
    <subfield code="2">rdacarrier</subfield>
    <subfield code="a">volumen</subfield>
    <subfield code="b">nc</subfield>
  </datafield>
  <datafield tag="502" ind1=" " ind2=" ">
    <subfield code="a">Tesis</subfield>
    <subfield code="b">(Ingeniero Agroindustrial) --</subfield>
    <subfield code="c">UACh. Departamento de Ingenier&#xED;a Agroindustrial,</subfield>
    <subfield code="d">2011</subfield>
  </datafield>
  <datafield tag="504" ind1=" " ind2=" ">
    <subfield code="a">Bibliograf&#xED;a: hojas 63-72</subfield>
  </datafield>
  <datafield tag="520" ind1="3" ind2=" ">
    <subfield code="a">Desde la antig&#xFC;edad, las bacterias probi&#xF3;ticas han sido utilizadas de forma emp&#xED;rica con fines terap&#xE9;uticos, a trav&#xE9;s del consumo de diversos productos l&#xE1;cteos y vegetales fermentados preparados de forma artesanal. La observaci&#xF3;n original de la funci&#xF3;n positiva desempe&#xF1;ada por estas bacterias se atribuye a Eli Metchnikoff y a partir de esta, la industria l&#xE1;ctea ha incrementado en el mercado la disposici&#xF3;n de l&#xE1;cteos fermentados que, adem&#xE1;s de poseer caracter&#xED;sticas sensoriales atractivas, tambi&#xE9;n proporcionan al individuo beneficios para su salud. Los probi&#xF3;ticos se definen como: microorganismos vivos que suplementados en el organismo, confieren efectos ben&#xE9;ficos a la salud del hospedero manteniendo un balance intestinal. Los cultivos probi&#xF3;ticos han sido explotados extensivamente por la industria l&#xE1;ctea como un medio para el desarrollo de productos novedosos. Para la selecci&#xF3;n de microorganismos probi&#xF3;ticos, se deben considerar varios aspectos, incluyendo caracter&#xED;sticas de inocuidad, funcionalidad, los aspectos fisiol&#xF3;gicos as&#xED; como los tecnol&#xF3;gicos; para ello los ensayos in vitro son de utilidad para evaluar la inocuidad de los microorganismos probi&#xF3;ticos, ya que permiten adquirir conocimientos sobre las cepas y el mecanismo del efecto probi&#xF3;tico. El objetivo del presente estudio fue evaluar las propiedades probi&#xF3;ticas de cepas de bacterias &#xE1;cido l&#xE1;cticas (BAL) aisladas de queso Cocido artesanal del estado de Sonora. La tolerancia al tracto gastrointestinal de 15 cepas aisladas fue determinado por exposici&#xF3;n de las c&#xE9;lulas a 37 &#xBA;C en una soluci&#xF3;n de PBS (Ph 3.0), PBS con pepsina (pH 2.0, 3mg/mL), PBS con pancreatina (pH 8.0, 1 mg/mL), caldo MRS (0.3% p/v de sales biliares); inhibici&#xF3;n en presencia de lisozima (0.2, 0.4, 0.6, 0.8, 1.0, 10 mg/mL); su capacidad de autoagregaci&#xF3;n e hidrofobicidad as&#xED; como hidrolisis de prote&#xED;na y almid&#xF3;n; su actividad hemol&#xED;tica y resistencia a 12 antibi&#xF3;ticos. De 15 cepas evaluadas 13 presentaron viabilidad en condiciones simuladas del tracto gastrointestinal. El porcentaje de autoagregaci&#xF3;n e hidrofobicidad fue m&#xE1;s alto para la cepa LM2De 13 cepas evaluadas, 5 presentaron resistencia a 12 antibi&#xF3;ticos y 3 fueron sensibles a Cefuroxima; las cepas presentaron ?-hemolisis as&#xED; como capacidad de hidrolizar prote&#xED;na, pero no as&#xED; para almid&#xF3;n. Los resultados obtenidos in vitro fueron aceptables para 13 cepas estudiadas, lo cual la clasificar&#xED;a como potencialmente probi&#xF3;ticas.</subfield>
  </datafield>
  <datafield tag="520" ind1="3" ind2=" ">
    <subfield code="a"> Since antiquity, probiotic bacteria have been used empirically with therapeutic purposes through the consumption of various fermented dairy products and vegetables prepared in a traditional way. The original observation of the positive role played by these bacteria is attributed to Eli Metchnikoff and because of that the dairy industry has increased the available market of fermented milk products, besides having attractive sensory characteristics, they also provide benefits for the individual health, so that probiotics are defined as "live microorganisms supplemented in the body to confer beneficial health effects of the host intestinal maintaining a balance".Probioticcultures have been exploited extens ively by the dairy industry as a means to develop innovative products. In the selection of probiotic should consider various aspects including security features, functional, physiological and technological, for this in vitro tests are useful for evaluating the safety of probiotic microorganisms, allowing gain knowledge of strains and the mechanism of probiotic effect, so this study was conducted to assess probiotic properties of strains isolated from artesanal cocido cheese in Sonora. Gastrointestinal tolerance of 15 isolates was determined by exposing cells to 37&#xB0;C in a solution of PBS (pH 3.0), PBS with pepsin (pH 2.0, 3mg/mL), PBS with pancreatin (pH 8.0, 1 mg/mL), MRS broth (0.3% w/v of bile salts), inhibition in the presence of lysozyme (0.2, 0.4, 0.6, 0.8, 1.0, 10 mg / mL), their ability to autoaggregation and hydrophobicity and protein hydrolysis and starch, and its haemolytic activity and resistance to twelve antibiotics. Of fifteen strains tested 13 showed viability in simulated conditions of the gastrointestinal tract. The percentage of autoaggregation and hydrophobicity washigher for strain LM2Of thirteen strains tested, five were resistant to twelve antibiotics and three were susceptible to cefuroxime, the strains showed ?-haemolysis and the ability to hydrolyze protein but not to starch. The results obtained in vitro were acceptable for 13 strains studied.</subfield>
  </datafield>
  <datafield tag="650" ind1="1" ind2="3">
    <subfield code="a">Bacterias del &#xE1;cido l&#xE1;ctico  </subfield>
    <subfield code="2">atg</subfield>
  </datafield>
  <datafield tag="650" ind1="1" ind2="3">
    <subfield code="a">Microbiolog&#xED;a alimentaria</subfield>
    <subfield code="2">atg</subfield>
  </datafield>
  <datafield tag="650" ind1="1" ind2="3">
    <subfield code="a">Microorganismos ben&#xE9;ficos  </subfield>
    <subfield code="2">atg</subfield>
  </datafield>
  <datafield tag="650" ind1="1" ind2="3">
    <subfield code="a">Probi&#xF3;ticos</subfield>
    <subfield code="2">atg</subfield>
  </datafield>
  <datafield tag="650" ind1="1" ind2="3">
    <subfield code="a">Quesos</subfield>
    <subfield code="2">atg</subfield>
  </datafield>
  <datafield tag="650" ind1="1" ind2="3">
    <subfield code="a">Cheeses  </subfield>
    <subfield code="2">atg</subfield>
  </datafield>
  <datafield tag="650" ind1="1" ind2="3">
    <subfield code="a">Lactic acid bacteria</subfield>
    <subfield code="2">atg</subfield>
  </datafield>
  <datafield tag="650" ind1="1" ind2="3">
    <subfield code="a">Food microbiology  </subfield>
    <subfield code="2">atg</subfield>
  </datafield>
  <datafield tag="650" ind1="1" ind2="3">
    <subfield code="a">Probiotics  </subfield>
    <subfield code="2">atg</subfield>
  </datafield>
  <datafield tag="650" ind1="1" ind2="3">
    <subfield code="a">Beneficial microorganisms</subfield>
    <subfield code="2">atg</subfield>
  </datafield>
  <datafield tag="700" ind1="1" ind2=" ">
    <subfield code="a">Vallejo Galland, Belinda</subfield>
    <subfield code="e">directora</subfield>
  </datafield>
  <datafield tag="700" ind1="1" ind2=" ">
    <subfield code="a">Gonz&#xE1;lez C&#xF3;rdoba, Aar&#xF3;n Fernando</subfield>
    <subfield code="e">asesor</subfield>
  </datafield>
  <datafield tag="700" ind1="1" ind2=" ">
    <subfield code="a">Santos Moreno, Armando</subfield>
    <subfield code="e">asesor</subfield>
  </datafield>
  <datafield tag="856" ind1="4" ind2="1">
    <subfield code="u">http://10.13.5.2/tesis/113012.pdf</subfield>
    <subfield code="y">DESCARGAR PDF</subfield>
  </datafield>
  <datafield tag="901" ind1=" " ind2=" ">
    <subfield code="a">TESIS S264 2011</subfield>
  </datafield>
  <datafield tag="902" ind1=" " ind2=" ">
    <subfield code="a">M</subfield>
  </datafield>
  <datafield tag="905" ind1=" " ind2=" ">
    <subfield code="a">5232272011                          mx dmnl8223223322spa16</subfield>
  </datafield>
  <datafield tag="942" ind1=" " ind2=" ">
    <subfield code="c">TESIS</subfield>
    <subfield code="2">Clasificaci&#xF3;n Universidad Aut&#xF3;noma Chapingo</subfield>
  </datafield>
  <datafield tag="999" ind1=" " ind2=" ">
    <subfield code="c">175523</subfield>
    <subfield code="d">175523</subfield>
  </datafield>
  <datafield tag="952" ind1=" " ind2=" ">
    <subfield code="0">0</subfield>
    <subfield code="1">0</subfield>
    <subfield code="2">local</subfield>
    <subfield code="4">0</subfield>
    <subfield code="5">1</subfield>
    <subfield code="7">0</subfield>
    <subfield code="8">TESIS</subfield>
    <subfield code="a">IA_</subfield>
    <subfield code="b">IA_</subfield>
    <subfield code="d">2022-01-18</subfield>
    <subfield code="e">El autor</subfield>
    <subfield code="l">0</subfield>
    <subfield code="o">Tesis S264 2011</subfield>
    <subfield code="p">1101006648</subfield>
    <subfield code="r">2022-01-18 00:00:00</subfield>
    <subfield code="t">Ej.4</subfield>
    <subfield code="y">CD</subfield>
  </datafield>
  <datafield tag="952" ind1=" " ind2=" ">
    <subfield code="0">0</subfield>
    <subfield code="1">0</subfield>
    <subfield code="2">local</subfield>
    <subfield code="4">0</subfield>
    <subfield code="5">1</subfield>
    <subfield code="7">0</subfield>
    <subfield code="8">TESIS</subfield>
    <subfield code="a">IA_</subfield>
    <subfield code="b">IA_</subfield>
    <subfield code="d">2022-01-18</subfield>
    <subfield code="e">El autor</subfield>
    <subfield code="l">0</subfield>
    <subfield code="o">Tesis S264 2011</subfield>
    <subfield code="p">1101006261</subfield>
    <subfield code="r">2026-02-02 00:00:00</subfield>
    <subfield code="t">Ej.1</subfield>
    <subfield code="y">TESIS</subfield>
  </datafield>
  <datafield tag="952" ind1=" " ind2=" ">
    <subfield code="0">0</subfield>
    <subfield code="1">0</subfield>
    <subfield code="2">local</subfield>
    <subfield code="4">0</subfield>
    <subfield code="5">5</subfield>
    <subfield code="7">0</subfield>
    <subfield code="8">TESIS</subfield>
    <subfield code="a">IA_</subfield>
    <subfield code="b">IA_</subfield>
    <subfield code="d">2024-10-24</subfield>
    <subfield code="e">El autor</subfield>
    <subfield code="l">1</subfield>
    <subfield code="o">Tesis S264 2011</subfield>
    <subfield code="p">1101006630</subfield>
    <subfield code="r">2026-02-02 00:00:00</subfield>
    <subfield code="s">2024-10-24</subfield>
    <subfield code="t">Ej.2</subfield>
    <subfield code="y">TESIS</subfield>
  </datafield>
  <datafield tag="952" ind1=" " ind2=" ">
    <subfield code="0">0</subfield>
    <subfield code="1">0</subfield>
    <subfield code="2">local</subfield>
    <subfield code="4">0</subfield>
    <subfield code="5">1</subfield>
    <subfield code="7">0</subfield>
    <subfield code="8">TESIS</subfield>
    <subfield code="a">IA_</subfield>
    <subfield code="b">IA_</subfield>
    <subfield code="d">2022-01-18</subfield>
    <subfield code="e">El autor</subfield>
    <subfield code="l">0</subfield>
    <subfield code="o">Tesis S264 2011</subfield>
    <subfield code="p">1101006631</subfield>
    <subfield code="r">2022-01-18 00:00:00</subfield>
    <subfield code="t">Ej.3</subfield>
    <subfield code="y">CD</subfield>
  </datafield>
  <datafield tag="952" ind1=" " ind2=" ">
    <subfield code="0">0</subfield>
    <subfield code="1">0</subfield>
    <subfield code="2">local</subfield>
    <subfield code="4">0</subfield>
    <subfield code="7">0</subfield>
    <subfield code="8">TesDigL</subfield>
    <subfield code="a">IA_</subfield>
    <subfield code="b">IA_</subfield>
    <subfield code="c">E_L</subfield>
    <subfield code="d">2024-10-10</subfield>
    <subfield code="e">El autor</subfield>
    <subfield code="l">0</subfield>
    <subfield code="p">1201006261</subfield>
    <subfield code="r">2024-10-10 10:54:06</subfield>
    <subfield code="y">TD</subfield>
  </datafield>
</record>
